| 000 | 00567nam a2200181 a 4500 | ||
|---|---|---|---|
| 005 | 20140310183202.0 | ||
| 008 | 021220s19uu xx 00 eng d | ||
| 020 | _a0070180113 | ||
| 050 |
_aP 90 _b.R896 1998 |
||
| 100 | _aRubinstein, Geoffrey F. | ||
| 245 |
_aStudent guide to accompany media waves : _ban introduction to mass communication / _cGeoffrey F. Rubinstein. |
||
| 260 |
_aUnited States : _bMcGraw-Hill Companies Inc., _c1998. |
||
| 300 |
_a214 p. : _c24 cm. |
||
| 650 | _aMedia waves | ||
| 650 | _aMass media | ||
| 942 |
_cBK _2lcc _kFOR |
||
| 999 |
_c19878 _d19878 |
||